Sports Quiz

Random Sports or WWE Quiz
Score 0/30 Timer 06:00
0 Plays Today
Hint Answer % Correct
Match 1 - Fatal 4-Way Tag Team Match for the WWE SmackDown Tag Team ChampionshipKofi Kingston
86.2%
Match 5 - Singles Match for the WWE ChampionshipSeth Rollins
86.2%
Match 6 - Money in the Bank Ladder Match for the WWE Raw Women's ChampionshipAsuka
86.2%
Match 1 - Fatal 4-Way Tag Team Match for the WWE SmackDown Tag Team ChampionshipBig E
85.8%
Match 7 - Money in the Bank Ladder Match for a world championship match contractOtis
84.7%
Match 1 - Fatal 4-Way Tag Team Match for the WWE SmackDown Tag Team ChampionshipThe Miz
83.7%
Match 4 - Singles Match for the WWE Universal ChampionshipBraun Strowman
83.3%
Match 4 - Singles Match for the WWE Universal ChampionshipBray Wyatt
82.8%
Match 3 - Singles Match for the WWE SmackDown Women's ChampionshipBayley
82.4%
Match 7 - Money in the Bank Ladder Match for a world championship match contractAJ Styles
82.4%
Match 5 - Singles Match for the WWE ChampionshipDrew McIntyre
82%
Match 7 - Money in the Bank Ladder Match for a world championship match contractRey Mysterio
81%
Match 1 - Fatal 4-Way Tag Team Match for the WWE SmackDown Tag Team ChampionshipJohn Morrison
80.5%
Match 7 - Money in the Bank Ladder Match for a world championship match contractKing Corbin
79.9%
Match 6 - Money in the Bank Ladder Match for the WWE Raw Women's ChampionshipNia Jax
78.2%
Hint Answer % Correct
Match 3 - Singles Match for the WWE SmackDown Women's ChampionshipTamina
77.8%
Pre-Show: Singles MatchCesaro
77%
Pre-Show: Singles MatchJeff Hardy
76.6%
Match 6 - Money in the Bank Ladder Match for the WWE Raw Women's ChampionshipCarmella
76.4%
Match 7 - Money in the Bank Ladder Match for a world championship match contractDaniel Bryan
75.7%
Match 7 - Money in the Bank Ladder Match for a world championship match contractAleister Black
75.5%
Match 6 - Money in the Bank Ladder Match for the WWE Raw Women's ChampionshipDana Brooke
74.5%
Match 1 - Fatal 4-Way Tag Team Match for the WWE SmackDown Tag Team ChampionshipGran Metalik
74.3%
Match 1 - Fatal 4-Way Tag Team Match for the WWE SmackDown Tag Team ChampionshipLince Dorado
74.1%
Match 6 - Money in the Bank Ladder Match for the WWE Raw Women's ChampionshipShayna Baszler
73.6%
Match 6 - Money in the Bank Ladder Match for the WWE Raw Women's ChampionshipLacey Evans
73%
Match 1 - Fatal 4-Way Tag Team Match for the WWE SmackDown Tag Team ChampionshipWesley Blake
70.1%
Match 1 - Fatal 4-Way Tag Team Match for the WWE SmackDown Tag Team ChampionshipSteve Cutler
68.4%
Match 2 - Singles MatchBobby Lashley
66.7%
Match 2 - Singles MatchR-Truth
64%
Remove Ads.
Support Sporcle.
Get the best of Sporcle when you Go Orange. This ad-free experience offers more features, more stats, and more fun while also helping to support Sporcle. Thank you for becoming a member.

You're not logged in!

Compare scores with friends on all Sporcle quizzes.
OR
Log In

Sporcle TV

Today on Sporcle TV


Watch our educational content, quiz creation guides, and fun videos on Sporcle TV.

Show Comments

Extras

Created May 10, 2020SourceReportNominate
Tags:WWE Quiz

Top Quizzes Today


Score Distribution

Paid Content

Your Account Isn't Verified!

In order to create a playlist on Sporcle, you need to verify the email address you used during registration. Go to your Sporcle Settings to finish the process.

Report this User

Report this user for behavior that violates our Community Guidelines.

Details: